000
00319nam a22001217a 4500
999
_c
15666
_d
15666
003
OSt
008
190524b ||||| |||| 00| 0 eng d
082
_a
001.076
245
_a
Kerala Administrative Service Super Rank File(KAS)
260
_a
Thiruvananthapuram
_b
Brilliance College
_c
2017
300
_a
1280 p.
942
_c
BK